000 00539nam a2200193Ia 4500
005 20250508150714.0
008 008 250505s9999 xx 000 0 eng d
037 _aTextual
040 _aFEDL
_beng
_cFEDL
041 _aeng
_2eng
084 _a335.4, KOE
_qFEDL
100 _aKoestler Arthur et. al
_9757429
245 0 _aGod that failed : Six studies in communism
260 _aLondon, UK
_bHamish Hamilton
_c1950
300 _a272p.
650 _aEconomics
942 _cTEXL
_h335.4, KOE
999 _c1325171
_d1325171